LEADER 02224nas 2200637- 450 001 996321810903316 005 20230222213018.0 035 $a(DE-599)ZDB2675557-9 035 $a(OCoLC)610474689 035 $a(CKB)2670000000006371 035 $a(CONSER)--2010267545 035 $a(EXLCZ)992670000000006371 100 $a20100426a20069999 --- b 101 0 $apor 135 $aur||||||||||| 181 $ctxt$2rdacontent 182 $cc$2rdamedia 183 $acr$2rdacarrier 200 00$aGestão e tecnologia de projetos 210 1$aSão Carlos, SP :$cInstituto de Arquitetura e Urbanismo da USP,$d2006- 300 $aSome issues also have a theme title. 311 $a1981-1543 517 1 $aDesign management and technology 606 $aArchitectural design$xManagement$vPeriodicals 606 $aArchitectural design$zBrazil$xManagement$vPeriodicals 606 $aArchitecture and technology$vPeriodicals 606 $aArchitecture and technology$zBrazil$vPeriodicals 606 $aDesign and technology$vPeriodicals 606 $aDesign and technology$zBrazil$vPeriodicals 606 $aEngineering$vPeriodicals 606 $aEngineering$zBrazil$vPeriodicals 606 $aBuilding$vPeriodicals 606 $aArchitecture and technology$2fast$3(OCoLC)fst00813591 606 $aBuilding$2fast$3(OCoLC)fst00840551 606 $aDesign and technology$2fast$3(OCoLC)fst01737708 606 $aEngineering$2fast$3(OCoLC)fst00910312 607 $aBrazil$2fast 608 $aPeriodicals.$2fast 615 0$aArchitectural design$xManagement 615 0$aArchitectural design$xManagement 615 0$aArchitecture and technology 615 0$aArchitecture and technology 615 0$aDesign and technology 615 0$aDesign and technology 615 0$aEngineering 615 0$aEngineering 615 0$aBuilding 615 7$aArchitecture and technology. 615 7$aBuilding. 615 7$aDesign and technology. 615 7$aEngineering. 712 02$aUniversidade de São Paulo.$bInstituto de Arquitetura e Urbanismo, 906 $aJOURNAL 912 $a996321810903316 996 $aGestão e tecnologia de projetos$92021973 997 $aUNISA LEADER 02121oam 2200529M 450 001 9910716518603321 005 20210706135232.0 035 $a(CKB)5470000002522973 035 $a(OCoLC)1065778750 035 $a(OCoLC)995470000002522973 035 $a(EXLCZ)995470000002522973 100 $a20071213d1926 ua 0 101 0 $aeng 135 $aurcn||||||||| 181 $ctxt$2rdacontent 182 $cc$2rdamedia 183 $acr$2rdacarrier 200 10$aLeave to ex-service men and women employed by the District of Columbia who desire to attend the 1927 American Legion convention in Paris. June 9 (calendar day, June 10), 1926. -- Ordered to be printed 210 1$a[Washington, D.C.] :$c[U.S. Government Printing Office],$d1926. 215 $a1 online resource (1 page) 225 1 $aSenate report / 69th Congress, 1st session. Senate ;$vno. 1052 225 1 $a[United States congressional serial set] ;$v[serial no. 8526.] 300 $aBatch processed record: Metadata reviewed, not verified. Some fields updated by batch processes. 300 $aFDLP item number not assigned. 517 $aLeave to ex-service men and women employed by the District of Columbia who desire to attend the 1927 American Legion convention in Paris. June 9 606 $aLeave of absence 606 $aReunions 606 $aVeterans$xServices for$zUnited States 606 $aCivil service 606 $aVeterans 608 $aLegislative materials.$2lcgft 615 0$aLeave of absence. 615 0$aReunions. 615 0$aVeterans$xServices for 615 0$aCivil service. 615 0$aVeterans. 701 $aCapper$b Arthur$f1865-1951$pRepublican (KS)$01386839 801 0$bWYU 801 1$bWYU 801 2$bOCLCO 801 2$bOCLCQ 801 2$bOCLCO 801 2$bOCLCQ 906 $aBOOK 912 $a9910716518603321 996 $aLeave to ex-service men and women employed by the District of Columbia who desire to attend the 1927 American Legion convention in Paris. June 9 (calendar day, June 10), 1926. -- Ordered to be printed$93462951 997 $aUNINA